000 01114nam0a22002651 4500
001 rc\4051626
005 20130415143358.7
035 _a(NLR Aleph) 007959881
090 _a8392714
_c8392714
100 _a20130415d1952 |||y0rusy50 ca
101 0 _arus
102 _aRU
105 _ay z |||||
200 1 _aО применении препаратов прозерина, фетамина и дибазола при полиомиэлите у детей
_eИнформ. письмо
_fКанд. мед. наук Е.В. Зеленина, канд. биол. наук Л.М. Флигельман
_gПод ред. проф. Н.А. Крышовой
_gГос. науч.-исслед. детский ортопед. ин-т им. Г.И. Турнера
210 _aЛенинград
_cБ. и.
_d1952
215 _a[2], 14 с.
_d29
300 _aСтеклогр.
700 1 _aЗеленина
_bЕ. В.
701 1 _aФлигельман
_bЛ. М.
702 1 _aКрышова
_bН. А.
_4340
801 0 _aRU
_bNLR
_gpsbo
801 1 _aRU
_bELAR
_2rusmarc
852 _aNLR
_jМд36 Г-8/4
942 _cBOOK
980 _aNB